| 000 | 00826cam a2200253 4500 | ||
|---|---|---|---|
| 001 | M2281 | ||
| 008 | 090401t1996 xxu||||| |||| 00| 0 eng d | ||
| 035 | _a(Sirsi) u96384 | ||
| 041 | _aeng | ||
| 110 |
_aRoyal Institution of Chartered Surveyors _94900 |
||
| 245 | _aDraft statutory guidance on contaminated land. | ||
| 260 |
_aLondon _bRICS _c1996 |
||
| 300 | _a20p. ; 30cm. | ||
| 350 | _a4 | ||
| 490 |
_aRICS Memorandum _vPU/Report(96)20 |
||
| 520 | _aComments prepared by the RICS in response to the Draft Statutory Guidance on Contaminated Land issued by the DoE for consultation in September 1996. | ||
| 650 | _aCONTAMINATED LAND | ||
| 650 | _aLIABILITY | ||
| 650 | _aLOCAL AUTHORITIES | ||
| 650 | _aSELECT COMMITTEE ON CONTAMINATED LAND | ||
| 690 |
_aEnvironment _96238 |
||
| 942 | _n0 | ||
| 948 | _c04/03/1997 | ||
| 999 |
_c98653 _d98653 |
||